Sin nombre

Zapisane w:
Opis bibliograficzny
1. autor: Collins, Wilkie (Autor)
Format: Książka
Język:hiszpański
Wydane: Barcelona Alba 2011
Wydanie:1a. ed
Hasła przedmiotowe:
Etykiety: Dodaj etykietę
Nie ma etykietki, Dołącz pierwszą etykiete!

MARC

LEADER 00000cam a2200000 a 4500
001 UCF1724
003 CL-VaPUC
008 120723e20110500SP |||||||||||||||||spa|d
020 |a 9788484286233 
082 0 4 |a 823  |b COL  |2 21 
100 0 |a Collins, Wilkie  |e author  |9 563213 
245 1 0 |a Sin nombre 
250 |a 1a. ed 
300 |a 705 p 
942 |c BK 
945 |d 20120723 00:00:00  |a dcastane 
260 |a Barcelona  |b Alba  |c 2011 
650 0 |a Novelas inglesas  |9 265220 
650 0 |a Literatura inglesa  |9 312907 
583 |a last modification  |c 20120723 10:17:00  |k Rodrigo Vera 
999 |c 348412  |d 348410 
952 |0 0  |1 0  |4 0  |6 823_000000000000000_COL_2011  |7 0  |8 A  |9 450410  |a BIBING  |b BIBING  |d 2019-11-22  |i 4883772  |o 823 COL 2011  |p 4883772  |r 2025-01-20  |w 2019-11-22  |y BK  |k CUI